Welcome to CU Library Online Public Access Catalogue (OPAC)

Principles of genetics / (Record no. 2119)

MARC details
000 -LEADER
fixed length control field 00596nam a2200205 a 4500
001 - CONTROL NUMBER
control field 2000200
005 - DATE AND TIME OF LATEST TRANSACTION
control field 20241212143720.0
008 - FIXED-LENGTH DATA ELEMENTS--GENERAL INFORMATION
fixed length control field 900116s1991 iaua b 001 0 eng
020 ## - INTERNATIONAL STANDARD BOOK NUMBER
International Standard Book Number 9780697063830
050 00 - LIBRARY OF CONGRESS CALL NUMBER
Classification number QH430
Item number .T34 1991
082 00 - DEWEY DECIMAL CLASSIFICATION NUMBER
Classification number 575.1
Edition information 20
100 1# - MAIN ENTRY--PERSONAL NAME
Personal name Tamarin, Robert H.
245 10 - TITLE STATEMENT
Title Principles of genetics /
Statement of responsibility, etc. Robert Tamarin, Ron W. Leavitt.
250 ## - EDITION STATEMENT
Edition statement 3rd ed.
260 ## - PUBLICATION, DISTRIBUTION, ETC.
Place of publication, distribution, etc. Dubuque, Iowa :
Name of publisher, distributor, etc. Wm. C. Brown Publishers,
Date of publication, distribution, etc. c1991.
300 ## - PHYSICAL DESCRIPTION
Extent xvi, 607 p. :
Other physical details ill. (some col.) ;
Dimensions 29 cm.
650 #0 - SUBJECT ADDED ENTRY--TOPICAL TERM
Topical term or geographic name entry element Genetics.
700 1# - ADDED ENTRY--PERSONAL NAME
Personal name Leavitt, Ron W.
942 ## - ADDED ENTRY ELEMENTS (KOHA)
Source of classification or shelving scheme Library of Congress Classification
Koha item type Books
Edition 3rd ed.
Suppress in OPAC No
999 ## -
-- 2119
-- 2119
Holdings
Withdrawn status Lost status Source of classification or shelving scheme Damaged status Not for loan Collection Home library Current library Shelving location Date acquired Total checkouts Full call number Barcode Date last seen Copy number Price effective from Koha item type
    Library of Congress Classification     Non-fiction Science Library (Miotso) Science Library (Miotso) General stacks 12/12/2024   QH430 .T34 TAM SLM00001283 12/12/2024 1 12/12/2024 Books
    Library of Congress Classification     Non-fiction Science Library (Miotso) Science Library (Miotso) General stacks 12/12/2024   QH430 .T34 TAM SLM00001284 12/12/2024 2 12/12/2024 Books
    Library of Congress Classification     Non-fiction Science Library (Miotso) Science Library (Miotso) General stacks 12/12/2024   QH430 .T34 TAM SLM00001285 12/12/2024 3 12/12/2024 Books
    Library of Congress Classification     Non-fiction Science Library (Miotso) Science Library (Miotso) General stacks 12/12/2024   QH430 .T34 TAM SLM00001286 12/12/2024 4 12/12/2024 Books
    Library of Congress Classification     Non-fiction Science Library (Miotso) Science Library (Miotso) General stacks 12/12/2024   QH430 .T34 TAM SLM00001287 12/12/2024 5 12/12/2024 Books
    Library of Congress Classification     Non-fiction Science Library (Miotso) Science Library (Miotso) General stacks 12/12/2024   QH430 .T34 TAM SLM00001288 12/12/2024 6 12/12/2024 Books
    Library of Congress Classification     Non-fiction Science Library (Miotso) Science Library (Miotso) General stacks 12/12/2024   QH430 .T34 TAM SLM00001289 12/12/2024 7 12/12/2024 Books
    Library of Congress Classification     Non-fiction Science Library (Miotso) Science Library (Miotso) General stacks 12/12/2024   QH430 .T34 TAM SLM00001290 12/12/2024 8 12/12/2024 Books
    Library of Congress Classification     Non-fiction Science Library (Miotso) Science Library (Miotso) General stacks 12/12/2024   QH430 .T34 TAM SLM00001291 12/12/2024 9 12/12/2024 Books
    Library of Congress Classification     Non-fiction Science Library (Miotso) Science Library (Miotso) General stacks 12/12/2024   QH430 .T34 TAM SLM00001292 12/12/2024 10 12/12/2024 Books
    Library of Congress Classification     Non-fiction Science Library (Miotso) Science Library (Miotso) General stacks 12/12/2024   QH430 .T34 TAM SLM00001293 12/12/2024 11 12/12/2024 Books
© 2023-2024 Copyright: Central University Libraries. All Rights Reserved | Created by: Mahone Tech Office